000 00197 a2200097 4500
001 35158
100 _aS H A
245 _aNaukar Shahab
260 _aLahore
_bSange Meel
_c
090 _c23302
_d23302
942 _aNUST-CAE
_cM
_c14784
999 _c270231
_d270231